Tracing the spirit : (Record no. 12324)
[ view plain ]
| 000 -LEADER | |
|---|---|
| campo de control de longitud fija | 02026cam a2200397 a 4500 |
| 001 - NÚMERO DE CONTROL | |
| campo de control | 39646 |
| 005 - FECHA Y HORA DE LA ÚLTIMA TRANSACCIÓN | |
| campo de control | 20230410101711.0 |
| 008 - DATOS DE LONGITUD FIJA--INFORMACIÓN GENERAL | |
| campo de control de longitud fija | 951229s1995 iauab bc 000 0 eng d |
| 010 ## - NÚMERO DE CONTROL DE LA BIBLIOTECA DEL CONGRESO | |
| Número de control de LC | 95074922 |
| 035 ## - NÚMERO DE CONTROL DEL SISTEMA | |
| Número de control de sistema | (OCoLC)ocm34524490 |
| 040 ## - FUENTE DE CATALOGACIÓN | |
| Centro catalogador/agencia de origen | WaS |
| Centro/agencia transcriptor | DLC |
| Centro/agencia modificador | OCLCQ |
| -- | BAKER |
| -- | BTCTA |
| 020 ## - NÚMERO INTERNACIONAL ESTÁNDAR DEL LIBRO | |
| Número Internacional Estándar del Libro | 0295975040 |
| 020 ## - NÚMERO INTERNACIONAL ESTÁNDAR DEL LIBRO | |
| Número Internacional Estándar del Libro | 9780295975047 |
| 035 ## - NÚMERO DE CONTROL DEL SISTEMA | |
| Número de control de sistema | (OCoLC)34524490 |
| 042 ## - CÓDIGO DE AUTENTICACIÓN | |
| Código de autenticación | lccopycat |
| 043 ## - CÓDIGO DE ÁREA GEOGRÁFICA | |
| Código de área geográfica | nwht--- |
| 050 14 - SIGNATURA TOPOGRÁFICA DE LA BIBLIOTECA DEL CONGRESO | |
| Número de clasificación | 110 N 6606 |
| Número de ítem | D247t 1995 |
| 082 00 - NÚMERO DE LA CLASIFICACIÓN DECIMAL DEWEY | |
| Número de clasificación | 709/.7294/07477769 |
| Número de edición | 20 |
| 110 2# - ENTRADA PRINCIPAL--NOMBRE DE ENTIDAD CORPORATIVA | |
| Nombre de entidad corporativa o nombre de jurisdicción como elemento de entrada | Davenport Museum of Art (Davenport, Iowa) |
| 245 10 - MENCIÓN DEL TÍTULO | |
| Título | Tracing the spirit : |
| Resto del título | ethnographic essays on Haitian art : from the collection of the Davenport Museum of Art / |
| Mención de responsabilidad, etc. | Karen McCarthy Brown. |
| 260 ## - PUBLICACIÓN, DISTRIBUCIÓN, ETC. | |
| Lugar de publicación, distribución, etc. | Davenport, Iowa : |
| Nombre del editor, distribuidor, etc. | The Museum ; |
| Lugar de publicación, distribución, etc. | Seattle : |
| Nombre del editor, distribuidor, etc. | Distributed by the University of Washington Press, |
| Fecha de publicación, distribución, etc. | c1995. |
| 300 ## - DESCRIPCIÓN FÍSICA | |
| Extensión | 112 p. : |
| Otras características físicas | col. ill., col. map ; |
| Dimensiones | 31 cm. |
| 500 ## - NOTA GENERAL | |
| Nota general | Exhibition catalog. |
| 505 2# - NOTA DE CONTENIDO CON FORMATO | |
| Nota de contenido con formato | Preface / Wm. Steven Bradley -- The spiritual art of Haiti : an introduction to the collection at the Davenport Museum of Art / Brady M. Roberts -- The art of transformation : an exploration of vodou cosmology and vodou aesthetics -- Interviews with contemporary Haitian artists : Edouard Duval-Carriâe, Miami, Paul Claude Gardáere, Brooklyn -- A visual forum : Haiti's political murals, October 1994 -- Artist-survivors of the 1991 Coup d'âetat : an interview with Charlemagne Celâestin and Vladimir Ronald Moliáere. |
| 504 ## - NOTA DE BIBLIOGRAFÍA, ETC. | |
| Nota de bibliografía, etc. | Includes bibliographical references (p. 110-111). |
| 650 #0 - PUNTO DE ACCESO ADICIONAL DE MATERIA--TÉRMINO DE MATERIA | |
| Término de materia o nombre geográfico como elemento de entrada | Art, Haitian |
| Subdivisión de forma | Exhibitions. |
| 650 #4 - PUNTO DE ACCESO ADICIONAL DE MATERIA--TÉRMINO DE MATERIA | |
| Término de materia o nombre geográfico como elemento de entrada | CEH |
| 650 #4 - PUNTO DE ACCESO ADICIONAL DE MATERIA--TÉRMINO DE MATERIA | |
| Término de materia o nombre geográfico como elemento de entrada | Colección Estudios Haitianos |
| 610 20 - PUNTO DE ACCESO ADICIONAL DE MATERIA--NOMBRE DE ENTIDAD CORPORATIVA | |
| Nombre de entidad corporativa o nombre de jurisdicción como elemento de entrada | Davenport Museum of Art (Davenport, Iowa) |
| Subdivisión de forma | Exhibitions. |
| 700 1# - ENTRADA AGREGADA--NOMBRE PERSONAL | |
| Nombre de persona | Brown, Karen McCarthy. |
| 938 ## - | |
| -- | Baker & Taylor |
| -- | BKTY |
| -- | 29.95 |
| -- | 22.46 |
| -- | 0295975040 |
| -- | 0002813546 |
| -- | active |
| 938 ## - | |
| -- | Baker and Taylor |
| -- | BTCP |
| -- | 95074922 |
| 942 ## - ELEMENTOS DE ENTRADA SECUNDARIOS (KOHA) | |
| Fuente del sistema de clasificación o colocación | Clasificación de Library of Congress |
| Tipo de ítem Koha | |
| 994 ## - | |
| -- | C0 |
| -- | DRFGD |
| Estatus retirado | Estado de pérdida | Fuente del sistema de clasificación o colocación | Estado de daño | No para préstamo | Colección | Biblioteca de origen | Biblioteca actual | Ubicación en estantería | Fecha de adquisición | Serial enumeration / chronology | Signatura topográfica completa | Código de barras | Visto por última vez | Copia número | Tipo de ítem Koha |
|---|---|---|---|---|---|---|---|---|---|---|---|---|---|---|---|
| Clasificación de Library of Congress | Recursos Regionales | Biblioteca Juan Bosch | Biblioteca Juan Bosch | Recursos Regionales (2do. Piso) | 10/04/2023 | 1 | 110 N 6606 D247t 1995 | 00000040686 | 23/10/2018 | 1 |
